| 000 | 00612cam a2200217 4500500 | ||
|---|---|---|---|
| 005 | 20260405001003.0 | ||
| 041 | _afre | ||
| 042 | _adc | ||
| 100 | 1 | 0 |
_aEnjalbert, Cédric _eauthor |
| 245 | 0 | 0 | _aLe déclin de l’empire européen |
| 260 | _c2010. | ||
| 500 | _a42 | ||
| 690 | _aDécadence | ||
| 690 | _aDéclin | ||
| 690 | _aEurope | ||
| 690 | _aHistoire | ||
| 690 | _aMoeurs | ||
| 690 | _aOccident | ||
| 786 | 0 | _nPhilosophie magazine | 42 | 9 | 2010-09-01 | p. 21-21 | 1951-1787 | |
| 856 | 4 | 1 | _uhttps://shs.cairn.info/magazine-philosophie-magazine-2010-9-page-21?lang=fr&redirect-ssocas=7080 |
| 999 |
_c2042899 _d2042899 |
||